Techniques of teaching political science (Record no. 4586)

MARC details
000 -LEADER
fixed length control field 00465nam a2200169Ia 4500
008 - FIXED-LENGTH DATA ELEMENTS--GENERAL INFORMATION
fixed length control field 230917s9999||||xx |||||||||||||| ||und||
020 ## - ISBN
Price RS 995.00
040 ## - CATALOGING SOURCE
-- 5014764
Original cataloging agency VIVEKANANDA LIBRARY
041 ## - Language
-- English
082 ## - DDC NUMBER
Classification number 320.07 U1T
100 ## - MAIN ENTRY--PERSONAL NAME
Personal name Upadhyay, Usha
245 #0 - TITLE STATEMENT
Title Techniques of teaching political science
260 ## - PUBLICATION, DISTRIBUTION, ETC. (IMPRINT)
Place of publication, distribution, etc Delhi
Name of publisher, distributor, etc Shivani Book Agency
Date of publication, distribution, etc 2021
300 ## - PHYSICAL DESCRIPTION
Pages viii, 296 p.
500 ## - GENERAL NOTE
General note 4380 14/01/2022 TBS22/00065 20/01/2022 Main Budget
942 ## - ADDED ENTRY ELEMENTS (KOHA)
Koha item type Books
Holdings
Withdrawn status Lost status Damaged status Not for loan Location (home branch) Sublocation or collection (holding branch) Date acquired Koha issues (times borrowed) Koha full call number Accession No. Koha date last seen Koha item type
        VIVEKANANDA LIBRARY VIVEKANANDA LIBRARY 28/03/2022   320.07 U1T 394393 17/09/2023 Books
© Designed and Maintained by Vivekananda Library, MDU Rohtak